000 00311nam a22001457a 4500
008 230324b ||||| |||| 00| 0 eng d
020 _a9781581950090
041 _aeng
080 _a159.9
082 _a159.9JOH
100 _a25
101 _aPSI
245 _aMABOKOV'S BLUES
_cJOHNSON.K
942 _2udc
_cBK
999 _c59432
_d59432